| 000 | 01684nac a2200313 a 4500 | ||
|---|---|---|---|
| 003 | Co-PeBPM | ||
| 005 | 20241018204629.0 | ||
| 007 | ta | ||
| 008 | 241018s2016 ck |||| |||| 00| 0 spa d | ||
| 020 | _a13: 9789584251503 -- ISBN10: 9584251503 | ||
| 040 |
_aCo-PeBPM _bspa _cCo-PeBPM _erda |
||
| 041 | _aspa | ||
| 082 | 0 | 4 |
_a796.33466 A663n _222 |
| 100 | 1 | 0 |
_aAraújo Vélez, Fernando _eautor |
| 245 | 1 | 0 |
_aNo era fútbol, era fraude _b: Auge y caída de los zares del fútbol _c/ Fernando Araújo Vélez |
| 250 | _aPrimera edición | ||
| 260 |
_aBogotá, Colombia _b: Planeta Colombiana, _c2016 |
||
| 300 |
_a276 páginas _c23 centímetros |
||
| 500 | _aIncluye índice | ||
| 500 | _aContiene datos biográficos del autor en la solapa del texto | ||
| 520 | _aEn noviembre de 2015, Luis Bedoya era el dirigente más poderoso del fútbol colombiano. La meteórica carrera que en una década lo llevó a la cúspide del balompié nacional, estuvo a punto de llevarlo a un puesto destacado en la FIFA. Pero todo se derrumbó de un momento a otro. Bedoya desapareció sin dejar rastro y muy a cuentagotas se ha sabido que viajó a Estados Unidos a negociar una rebaja de pena porque su nombre apareció inmiscuido en el enorme escándalo que envuelve a buena parte de la dirigencia del fútbol mundial...tomado de http://bit.ly/2JrKvgO | ||
| 610 | 1 | 4 |
_aFIFA -- Reglamentos _2LEMB |
| 610 | 1 | 4 |
_aFIFA - Administración _2LEMB |
| 610 | 1 | 4 |
_aFIFA - Prácticas corruptas _2LEMB |
| 650 | 1 | 4 |
_aFútbol - Administración _2LEMB |
| 650 | 1 | 4 |
_aFútbol - Historia. _2LEMB |
| 942 |
_2ddc _cBK _n0 |
||
| 999 |
_c60082 _d60082 |
||